000 00679nam a2200301Ia 4500
005 20260401122450.0
008 008 250103s9999 xx 000 0 eng d
020 _a9789380607764
037 _aTB
040 _aEDL
040 _beng
040 _cEDL
041 _2eng
041 _aeng
084 _a364.10WAG
084 _qEDL
100 _aWagner, Kim A.
_91233197
245 0 _aThuggee : Banditry and the British in early 19th C. India
245 0 _cWagner, Kim A.
260 _aDelhi
260 _bPrimus Books
260 _c2007
300 _a261p
942 _cTB
942 _h364.10WAG
999 _c1847454
_d1847454